Ukázal mi cestu : výnimočné svedectvo viery /
Uložené v:
| Hlavní autori: | , |
|---|---|
| Ďalší autori: | , |
| Médium: | Kniha |
| Jazyk: | Slovak English |
| Vydané: |
Trnava :
Dobrá kniha,
2016.
|
| Vydanie: | 2. vyd. |
| Témy: | |
| ISBN: |
9788081910043 (viaz.) |
| Fyzický popis: |
218 s. ; 21 cm. |
| Tagy: |
Pridať tag
Žiadne tagy, Buďte prvý kto otaguje tento záznam!
|
Titul je dostupný aj v ... 

MARC
| LEADER | 00000nam a22000004a 4500 | ||
|---|---|---|---|
| 001 | 000525978 | ||
| 005 | 20170227092339.0 | ||
| 008 | 161102s2016 xo e 000 0 slo d | ||
| 020 | |a 9788081910043 (viaz.) | ||
| 040 | |a SVKKK |b slo |c SVKKK |e AACR2 | ||
| 041 | 1 | |a slo |h eng | |
| 043 | |a n-us--- |a e-pl--- |a a e-ur--- |a e-urs-- | ||
| 044 | |a xo |c SK | ||
| 072 | 7 | |a 929 |x Biografie |2 konspekt | |
| 072 | 7 | |a 27 |x Kresťanstvo. Kresťanská cirkev všeobecne. Ekleziológia |2 konspekt | |
| 080 | |a 929 |2 2011 | ||
| 080 | |a 27-789.5 |2 2011 | ||
| 080 | |a 272-726.3 |2 2011 | ||
| 080 | |a 27-76-051 |2 2011 | ||
| 080 | |a 323.28-051 |2 2011 | ||
| 080 | |a 323.28 |2 2011 | ||
| 080 | |a 27-674.5 |2 2011 | ||
| 080 | |a 343.819 |2 2011 | ||
| 080 | |a 322 |2 2011 | ||
| 080 | |a 27-46 |2 2011 | ||
| 080 | |a 27-4 |2 2011 | ||
| 080 | |a (47+57) |2 2011 | ||
| 080 | |a (571.1/.5) |2 2011 | ||
| 080 | |a (73) |2 2011 | ||
| 080 | |a (438) |2 2011 | ||
| 080 | |a (0:82-94) |2 2011 | ||
| 080 | |a (0:82-4) |2 2011 | ||
| 100 | 1 | |a Ciszek, Walter J., |d 1904-1984 | |
| 240 | 1 | 0 | |a He leadeth Me. An extraordinary testament of faith. |l Slovensky |
| 245 | 1 | 0 | |a Ukázal mi cestu : |b výnimočné svedectvo viery / |c Walter J. Ciszek, Daniel L. Flaherty ; preložili Félix Litva a Štefan Smržík. |
| 250 | |a 2. vyd. | ||
| 260 | |a Trnava : |b Dobrá kniha, |c 2016. | ||
| 300 | |a 218 s. ; |c 21 cm. | ||
| 500 | |a Preklad z angl. orig. | ||
| 600 | 1 | 7 | |a Ciszek, Walter J., |d 1904-1984 |2 SVKKKMA |
| 648 | 7 | |a 20. stor. |2 SVKKKPH | |
| 650 | 0 | 7 | |a jezuiti |2 SVKKKPH |
| 650 | 0 | 7 | |a katolícky kňazi |2 SVKKKPH |
| 650 | 0 | 7 | |a kresťanskí misionári |2 SVKKKPH |
| 650 | 0 | 7 | |a politický väzni |2 SVKKKPH |
| 650 | 0 | 7 | |a politická perzekúcia |2 SVKKKPH |
| 650 | 0 | 7 | |a náboženská perzekúcia |2 SVKKKPH |
| 650 | 0 | 7 | |a pracovné tábory |2 SVKKKPH |
| 650 | 0 | 7 | |a štát a cirkev |2 SVKKKPH |
| 650 | 0 | 7 | |a pastorácia |2 SVKKKPH |
| 650 | 0 | 7 | |a kresťanský život |2 SVKKKPH |
| 651 | 7 | |a Spojené štáty americké |2 SVKKKPH | |
| 651 | 7 | |a Sibír (Rusko) |2 SVKKKPH | |
| 651 | 7 | |a Poľsko |2 SVKKKPH | |
| 655 | 7 | |a autobiografické spomienky |2 SVKKKPH | |
| 655 | 7 | |a úvahy |2 SVKKKPH | |
| 700 | 1 | |a Flaherty, Daniel |4 aut | |
| 700 | 1 | |a Litva, Felix, |d 1919-2006 |4 trl | |
| 700 | 1 | |a Smržík, Štefan |4 trl | |
| 910 | |a svkkk | ||
| 919 | |a 978-80-8191-004-3 | ||
| 998 | |a BK | ||
| 090 | |g SCKHL |k Sklad Hlavná 10 prízemie |a III.238055 |j 1076574 |i 2720380616 |s Absenčne | ||